[Event "FIDE World Uni Rapid-F 1st"]
[Site "Tornelo INT"]
[Date "2021.03.21"]
[Round "11"]
[White "Laxaman, John Jasper"]
[Black "Albarez Mendoza, Susana"]
[Result "1-0"]
[WhiteElo "2069"]
[BlackElo "1530"]
[PlyCount "69"]
[EventDate "2021.03.20"]
[EventType "swiss (rapid)"]
[EventRounds "12"]
[EventCountry "NET"]
[SourceTitle "EXT 2022"]
[Source "ChessBase"]
[SourceDate "2021.10.06"]
[SourceVersion "1"]
[SourceVersionDate "2021.10.06"]
[SourceQuality "1"]

1. e4 e6 2. d4 d5 3. Nc3 Nf6 4. e5 Nfd7 5. f4 c5 6. Nf3 Nc6 7. Be3 Qb6 8. Na4 Qa5+ 9. c3 c4 10. b4 cxb3 11. axb3 b5 12. b4 Nxb4 13. cxb4 Bxb4+ 14. Kf2 bxa4 15. Rxa4 Qb6 16. Bd3 a5 17. h4 Ba6 18. f5 Bxd3 19. Qxd3 exf5 20. Qxf5 Qg6 21. g4 Qxf5 22. gxf5 Ke7 23. h5 Nb6 24. Ra2 Nc4 25. h6 g6 26. Bg5+ Kd7 27. Bf6 Rhg8 28. Ng5 Be7 29. Nxh7 gxf5 30. Bg7 f4 31. Nf6+ Ke6 32. Nxg8 Rxg8 33. h7 Rxg7 34. h8Q Rg6 35. Qc8# 1-0

[Event "FIDE World Uni Rapid-F 1st"]
[Site "Tornelo INT"]
[Date "2021.03.21"]
[Round "10"]
[White "Laxaman, John Jasper"]
[Black "Moreno Herrera, Rodrigo"]
[Result "0-1"]
[WhiteElo "2069"]
[BlackElo "1633"]
[PlyCount "44"]
[EventDate "2021.03.20"]
[EventType "swiss (rapid)"]
[EventRounds "12"]
[EventCountry "NET"]
[SourceTitle "EXT 2022"]
[Source "ChessBase"]
[SourceDate "2021.10.06"]
[SourceVersion "1"]
[SourceVersionDate "2021.10.06"]
[SourceQuality "1"]

1. e4 c5 2. Nf3 g6 3. c3 d5 4. exd5 Qxd5 5. Na3 Bg7 6. d4 cxd4 7. Bc4 Qe4+ 8. Be3 Nh6 9. Nb5 0-0 10. Nbxd4 Nc6 11. 0-0 Ng4 12. Re1 Nxe3 13. Rxe3 Qg4 14. Nxc6 bxc6 15. Rxe7 Qxc4 16. Qb3 Qxb3 17. axb3 Be6 18. b4 a6 19. h3 Rfc8 20. Ra5 Bf6 21. Rb7 Bd5 22. Rb6 Bd8 0-1

[Event "FIDE World Uni Rapid-F 1st"]
[Site "Tornelo INT"]
[Date "2021.03.21"]
[Round "7"]
[White "Mahtani, Nitin"]
[Black "Laxaman, John Jasper"]
[Result "0-1"]
[WhiteElo "1773"]
[BlackElo "2069"]
[PlyCount "72"]
[EventDate "2021.03.20"]
[EventType "swiss (rapid)"]
[EventRounds "12"]
[EventCountry "NET"]
[SourceTitle "EXT 2022"]
[Source "ChessBase"]
[SourceDate "2021.10.06"]
[SourceVersion "1"]
[SourceVersionDate "2021.10.06"]
[SourceQuality "1"]

1. d4 Nf6 2. c4 g6 3. Nc3 Bg7 4. e4 d6 5. Nf3 0-0 6. Be2 e5 7. 0-0 Nc6 8. d5 Ne7 9. Ne1 Nd7 10. Be3 f5 11. f3 f4 12. Bf2 g5 13. a4 h5 14. a5 Ng6 15. Nb5 Nf6 16. Nxa7 g4 17. Nxc8 g3 18. hxg3 fxg3 19. Bxg3 Rxc8 20. Qd2 h4 21. Bf2 Nh5 22. Nd3 Ngf4 23. Nxf4 Nxf4 24. Rfd1 Bh6 25. Qe1 Qg5 26. Bf1 Nxg2 27. Bxg2 h3 28. Bg3 hxg2 29. Kxg2 Rf7 30. Qf2 Rcf8 31. Ra3 Rg7 32. Rg1 Rf6 33. Kf1 Rfg6 34. Bh2 Qc1+ 35. Ke2 Qxb2+ 36. Kf1 Qxa3 0-1

[Event "FIDE World Uni Rapid-F 1st"]
[Site "Tornelo INT"]
[Date "2021.03.20"]
[Round "3"]
[White "Shapiro, David"]
[Black "Laxaman, John Jasper"]
[Result "1-0"]
[WhiteElo "2395"]
[BlackElo "2069"]
[PlyCount "75"]
[EventDate "2021.03.20"]
[EventType "swiss (rapid)"]
[EventRounds "12"]
[EventCountry "NET"]
[SourceTitle "EXT 2022"]
[Source "ChessBase"]
[SourceDate "2021.10.06"]
[SourceVersion "1"]
[SourceVersionDate "2021.10.06"]
[SourceQuality "1"]

1. d4 Nf6 2. c4 g6 3. Nc3 Bg7 4. e4 d6 5. Bd3 0-0 6. Nge2 e5 7. d5 a5 8. f3 Na6 9. Bg5 Nc5 10. Bc2 h6 11. Be3 Bd7 12. Qd2 Kh7 13. g4 Ne8 14. h4 c6 15. h5 g5 16. 0-0 Qc8 17. Ng3 f6 18. a3 Rf7 19. b4 axb4 20. axb4 Na6 21. Na4 Qc7 22. Nb6 Rb8 23. Nxd7 Qxd7 24. dxc6 Qc7 25. cxb7 Qxb7 26. b5 Nc5 27. Nf5 Bf8 28. Qd5 Rd7 29. Rfd1 Rc7 30. Bxc5 dxc5 31. Ra6 Qxd5 32. exd5 Kg8 33. Rda1 Rd7 34. Ra8 Rxa8 35. Rxa8 Kf7 36. b6 Nd6 37. Ra7 Ke8 38. Ba4 1-0